Loading...
നിഴലുറങ്ങുന്ന വഴികൾ
| Main Author: | |
|---|---|
| Other Authors: | |
| Format: | Printed Book |
| Published: |
Kottayam
D.C. Books
1998
|
| Subjects: |
| LEADER | 00574cam a2200169ua 4500 | ||
|---|---|---|---|
| 020 | |a 81-7130-877-5 | ||
| 082 | |a M894.812 3 |b VAL/N | ||
| 100 | 0 | |a വത്സല,പി | |
| 245 | 1 | 0 | |a നിഴലുറങ്ങുന്ന വഴികൾ |
| 260 | |a Kottayam |b D.C. Books |c 1998 | ||
| 300 | |a 207p. | ||
| 650 | 0 | |a Nizhalurangunna vazhikal | |
| 650 | 0 | |a Malayalam literature- Novel | |
| 700 | |a Valsala, P | ||
| 942 | |c BK | ||
| 999 | |c 2644 |d 2644 | ||
| 952 | |0 0 |1 0 |4 0 |6 M_894_812000000000000_3_VALN |7 0 |9 2761 |a KUCL |b KUCL |d 2014-05-23 |l 6 |m 1 |o M894.812 3 VAL/N |p 05772 |r 2020-02-24 |s 2019-09-20 |y BK | ||